• 首页
  • 本馆介绍
  • 公告通知
  • 最新文献
  • 馆藏检索
  • 电子资源
  • 读者导购
  • 参考咨询
  • 我的图书馆
  • 登录
  • 详细信息显示
  • 放入我的书架
  • 预约/预借图书
  • 作者相关作品
  • 分类相关作品
  • 丛书相关作品
  • 出版社相关作品

书目信息

  • 表格格式
  • 工作单格式
  • 卡片格式
题名:
中国造纸技术史稿
    
 
作者: 潘吉星 著
分册:  
出版信息: 北京   文物出版社  1979.3
页数: 252页
开本: 16
丛书名:
单 册:
中图分类: TS7-092
科图分类:
主题词:
电子资源:
ISBN:
000 00502nam0 2200181 45
001 0181011400
005 20061125104743.09
010    @b精装@dCNY6.00
100    @a20810111d km y0chiy0120 ea
101 0  @achi
105    @a z 000yy
200 1  @Azhong guo zao zhi ji shu shi gao@Fpan jie xing@a中国造纸技术史稿@f潘吉星著
210    @a北京@c文物出版社@d1979.3
215    @a252页@c无图表@d16
690    @aTS7-092
701 0  @a潘吉星@4著
801    @aCN@bTSTC@c20061125
905    @dTS7-092@e5@f1@b218063
    
    中国造纸技术史稿/潘吉星著.-北京:文物出版社,1979.3
    252页:无图表;16
    
    
    ISBN (精装):CNY6.00
    
●
相关链接 在E读中查询图书 在五车中查询图书 在当当中查询图书 在豆瓣中查询图书


正题名:中国造纸技术史稿     索取号:TS7-092/5         预约/预借

序号 登录号 条形码 馆藏地/架位号 状态 备注
1 0218063   001476691   第二样本阅览室/ [索取号:TS7-092/5] 在馆    
唐山师范学院图书馆 欢迎您!
大连网信软件有限公司© 版权所有